000 01782cam a22004934i 4500
003 PE-LiUPU
005 20250731173409.0
008 150706s2011 miu r 000 0 spa d
020 _a9780825412325
035 _a(Sirsi) i9780825412325
040 _aPE-LiUPU
_bspa
_cPE-LiUPU
_erda
049 _aPRUA
082 0 4 _a234.5
_bB24
_221
100 1 _aBarry, Michael S.,
_eautor.
245 1 3 _aEl proyecto perdón :
_bel sorprendente descubrimiento que nos revela cómo superar el cáncer, encontrar la salud y vivir en paz /
_cMichael S. Barry.
264 1 _aMichigan :
_bPORTAVOZ,
_c2011.
300 _a241 páginas ;
_c22 centímetros
336 _atext
_2rdacontent
337 _aunmediated
_2rdamedia
338 _avolume
_2rdacarrier
505 0 _aLas historias -- La ciencia -- El problema -- Los obstáculos.
526 _aSEG42
526 _aSEG41
526 _aSEG40
526 _aSEG39
526 _aP94
526 _aP87
526 _aP86
526 _aP85
526 _aP77
526 _aP76
526 _aP35
541 _g001-0000536;
650 0 4 _aCuración espiritual.
650 0 4 _aPerdón
_xCristianismo.
650 0 4 _aCáncer
_xCristianismo.
650 0 4 _aCáncer
_xPacientes
_xVida religiosa.
910 _agl
_bjv
_cng
_d20110929
942 _2ddc
_cBOOK
949 _a234.5 B24
_wDEWEY
_c1
_i63725
_lCCODEBUL1
_mBUL
_p13.00
_r0
_sY
_tBOOK
_u2015-7-6
_xTEOLOGIA
_PP35
_o.STAFF. Colección Teología
994 _aC0
_bPEPRU
596 _a1
999 _a234.5 B24
_wDEWEY
_c52621
_i63725
_d52621
_e2015-11-2
_f2021-11-10
_g5
_lCCODEBUL1
_mBUL
_n1
_p13.00
_r0
_sY
_tBOOK
_u2015-7-6
_xTEOLOGIA
_PP35
_0COMPRA
_o.STAFF. Colección Teología
980 _81
_gALBERTO SANCHEZ Responsable de Automatización